LEADER 01455nam a2200289 a 4500 001 000000126243 003 CaOOAMICUS 005 20111025135721.0 008 110908m20109999it ado u000 u ita r 020 $a978-88-12-00040-1 (v. 1) 040 $aPUL$bita 245 03$aIl vocabolario Treccani.$pEnciclopedia dell'italiano. 246 30$aEnciclopedia dell'italiano 260 $aRoma :$bIstituto della Enciclopedia Italiana fondata da Giovanni Treccani,$c©2010- 300 $av. :$bill., grafici, foto. ;$c29 cm 505 1 $aV. 1. A-L. -- v. 2. M-Z. 650 4$aLingua italiana$xDizionari.$0(OLS)http://pul/subject/418 710 2 $aIstituto della Enciclopedia Italiana.$0(OLS)http://pul/name/15071 850 $aPUL 852 $aPUL$W1$xSL Cons. Gen., Altre Classi 1$y1$m2010 B 3.1$j145609$av. 1$qStampati$B144469$CPULBib$Z2$F144469 $H116010 $82 852 $aPUL$W1$xSL Cons. Gen., Altre Classi 1$y1$m2010 B 3.2$j146478$av. 2$qStampati$B145185$CPULBib$Z2$F145185 $H117775 $82 941 1 $a8 996 $6020$a978-88-12-00040-1 (v. 1)$9(OLS)http://pul/number/147921 996 $6245$aIl vocabolario Treccani.$pEnciclopedia dell'italiano$9(OLS)http://pul/title/159413 996 $6246$aEnciclopedia dell'italiano$9(OLS)http://pul/title/159414 996 $6260$aRoma :$bIstituto della Enciclopedia Italiana fondata da Giovanni Treccani$9(OLS)http://pul/publisher/50662 LEADER 01257nam a2200301 a 4500 001 000000133145 003 CaOOAMICUS 005 20130313122243.0 008 130313s2012 it u000 u ita r 020 $a978-88-7092-344-5 040 $aPUL$bita 082 04$a340.54 245 00$aSocietą e diritto nella tarda antichitą /$ca cura di Lucio De Giovanni. 260 $aNapoli :$bM. D'Auria,$c©2012. 300 $a179 p. ;$c21 cm 490 1 $aStudi e testi di Koinonia. Nuova serie ;$v03 504 $aBibliografia in nota. 650 4$aDiritto romano$xFonti.$0(OLS)http://pul/subject/1707 700 1 $aDe Giovanni, Lucio.$0(OLS)http://pul/name/30623 830 0$aStudi e testi di Koinonia.$pNuova serie ;$v03.$0(OLS)http://pul/title/168233 850 $aPUL 852 $aPUL$W1$xSL Diritto e Scienze Sociali 3$y79$m340. 54 DEGLU 1$j153083$qDDC 21$q $B152579$CPULBib$Z2$F152579 $H121905 $81 941 1 $a9 996 $6020$a978-88-7092-344-5$9(OLS)http://pul/number/152119 996 $6082$a340.54$9(OLS)http://pul/classification/477 996 $6245$aSocietą e diritto nella tarda antichitą$9(OLS)http://pul/title/168232 996 $6260$aNapoli :$bM. D'Auria$9(OLS)http://pul/publisher/47890